| 000 -LEADER |
| fixed length control field |
00908cam a22002534a 4500 |
| 003 - CONTROL NUMBER IDENTIFIER |
| control field |
OSt |
| 005 - DATE AND TIME OF LATEST TRANSACTION |
| control field |
20201007103110.0 |
| 008 - FIXED-LENGTH DATA ELEMENTS--GENERAL INFORMATION |
| fixed length control field |
051103s2006 enkab b 001 0 eng |
| 010 ## - LIBRARY OF CONGRESS CONTROL NUMBER |
| LC control number |
2005032079 |
| 020 ## - INTERNATIONAL STANDARD BOOK NUMBER |
| International Standard Book Number |
9781844071883 |
| Terms of availability |
(pbk.) |
| 082 00 - DEWEY DECIMAL CLASSIFICATION NUMBER |
| Classification number |
307.74 |
| Edition number |
22 |
| 245 04 - TITLE STATEMENT |
| Title |
The peri-urban interface : |
| Remainder of title |
approaches to sustainable natural and human resource use / |
| Statement of responsibility, etc |
edited by Duncan McGregor, David Simon and Donald Thompson. |
| 260 ## - PUBLICATION, DISTRIBUTION, ETC. (IMPRINT) |
| Place of publication, distribution, etc |
London ; |
| -- |
Sterling, VA : |
| Name of publisher, distributor, etc |
Earthscan, |
| Date of publication, distribution, etc |
2006. |
| 300 ## - PHYSICAL DESCRIPTION |
| Extent |
xxiii, 336 p. : |
| Other physical details |
ill., maps ; |
| Dimensions |
25 cm. |
| 504 ## - BIBLIOGRAPHY, ETC. NOTE |
| Bibliography, etc |
Includes bibliographical references and index. |
| 650 #0 - SUBJECT ADDED ENTRY--TOPICAL TERM |
| Topical term or geographic name as entry element |
Sustainable development. |
| 650 #0 - SUBJECT ADDED ENTRY--TOPICAL TERM |
| Topical term or geographic name as entry element |
Urbanization. |
| 650 #0 - SUBJECT ADDED ENTRY--TOPICAL TERM |
| Topical term or geographic name as entry element |
Land use. |
| 700 1# - ADDED ENTRY--PERSONAL NAME |
| Personal name |
McGregor, Duncan F. M. |
| 700 1# - ADDED ENTRY--PERSONAL NAME |
| Personal name |
Simon, David, |
| Dates associated with a name |
1957- |
| 700 1# - ADDED ENTRY--PERSONAL NAME |
| Personal name |
Thompson, Donald A. |
| 856 41 - ELECTRONIC LOCATION AND ACCESS |
| Materials specified |
Table of contents only |
| Uniform Resource Identifier |
<a href="http://www.loc.gov/catdir/toc/fy0612/2005032079.html">http://www.loc.gov/catdir/toc/fy0612/2005032079.html</a> |
| 942 ## - ADDED ENTRY ELEMENTS (KOHA) |
| Source of classification or shelving scheme |
|